Puentes en voladizo balanceado
Gorde:
| Egile nagusia: | |
|---|---|
| Formatua: | Ezezaguna |
| Argitaratua: |
[San José, Costa Rica]
1980
|
| Gaiak: | |
| Etiketak: |
Etiketa erantsi
Etiketarik gabe, Izan zaitez lehena erregistro honi etiketa jartzen!
|
MARC
| LEADER | 00000 a2200000 4500 | ||
|---|---|---|---|
| 003 | 001164 | ||
| 005 | 20221231143739.0 | ||
| 008 | 140114s1980 C a m 000 ||S d | ||
| 040 | |c cru CEDI | ||
| 090 | |a TFG 931 | ||
| 100 | |a Zúñiga L, Carlos E |9 16043 | ||
| 245 | |a Puentes en voladizo balanceado | ||
| 260 | |c 1980 |a [San José, Costa Rica] | ||
| 300 | |a [105] hojas : ilustraciones (algunas plegables) ; 28 cm | ||
| 500 | |a Tesis (ingeniero civil)--Universidad de Costa Rica. | ||
| 650 | |x CONSTRUCCION DE PUENTES |9 16042 | ||
| 942 | |c TFG | ||
| 999 | |c 11207 |d 11207 | ||
